00774nam a2200253Ia 4500003000900000008004100009040001300050040001300063041000800076100002100084245002800105250000900133260002100142260000900163300001100172300000700183300001200190490000600202600007100208700002000279942000700299999001700306952019700323IT-RoPAU120407s9999 xx 000 0 und d aIT-RoPAU cIT-RoPAU aita aEleonore Beck  aL’amore che cos’è aRoma aEdizioni Paoline c1967 a174 p. bsi c19,5 cm v1 a1. Amore, morale cristiana I Miller Gabriele II - Argentieri E.0 aGabriele Miller cBK c27172d27172 00102ddc406357_44000000000000071aPAULUSbPAULUSd2012-04-11l0o357.44r2012-04-11 00:00:00w2012-04-11yBKzInserito da: Carla In data: 24 ottobre 2011 fondo: Via A.Severo 56 Progr:16467